Meccanomics : (Record no. 15890)

000 -LEADER
fixed length control field 01393nam a2200313 a 4500
001 - CONTROL NUMBER
control field ASIN1851687378
005 - DATE AND TIME OF LATEST TRANSACTION
control field 20170105102927.0
008 - FIXED-LENGTH DATA ELEMENTS--GENERAL INFORMATION
fixed length control field 131212s2010 xxu eng d
020 ## - INTERNATIONAL STANDARD BOOK NUMBER
International Standard Book Number 1851687378 (hardcover)
020 ## - INTERNATIONAL STANDARD BOOK NUMBER
International Standard Book Number 9781851687374 (hardcover)
040 ## - CATALOGING SOURCE
Original cataloging agency 0
050 04 - LIBRARY OF CONGRESS CALL NUMBER
Classification number DS63.1
082 04 - DEWEY DECIMAL CLASSIFICATION NUMBER
Classification number 956.054
Author Mark NAS 2010
100 1# - MAIN ENTRY--PERSONAL NAME
Personal name Nasr, Vali.
245 10 - TITLE STATEMENT
Title Meccanomics :
Remainder of title the march of the new muslim middle class /
Statement of responsibility, etc. Vali Nasr.
260 ## - PUBLICATION, DISTRIBUTION, ETC.
Place of publication, distribution, etc. [S.l.] :
Name of publisher, distributor, etc. Oneworld Publications,
Date of publication, distribution, etc. 2010.
300 ## - PHYSICAL DESCRIPTION
Extent 320 p. ;
Dimensions 24 cm.
520 ## - SUMMARY, ETC.
Summary, etc. Combining historical narrative with eye-opening on-the-ground research, "Meccanomics" introduces a Muslim world we've never seen before; one that is being transformed by booming economies and a vibrant middle class that will tip the balance away from extremists. This groundbreaking analysis from the author of the "New York Times'" best-selling "The Shia Revival", offers a powerful reassessment of a world where financial might - not fundamentalism - is doing the talking.
650 #0 - SUBJECT ADDED ENTRY--TOPICAL TERM
Topical term or geographic name entry element Capitalism
650 #0 - SUBJECT ADDED ENTRY--TOPICAL TERM
Topical term or geographic name entry element Capitalists and financiers
650 #0 - SUBJECT ADDED ENTRY--TOPICAL TERM
Topical term or geographic name entry element Economic history
650 #0 - SUBJECT ADDED ENTRY--TOPICAL TERM
Topical term or geographic name entry element Islam and politics
650 #0 - SUBJECT ADDED ENTRY--TOPICAL TERM
Topical term or geographic name entry element Islamic countries
650 #0 - SUBJECT ADDED ENTRY--TOPICAL TERM
Topical term or geographic name entry element Middle East
650 #0 - SUBJECT ADDED ENTRY--TOPICAL TERM
Topical term or geographic name entry element Middle class
650 #0 - SUBJECT ADDED ENTRY--TOPICAL TERM
Topical term or geographic name entry element Political science
856 40 - ELECTRONIC LOCATION AND ACCESS
Materials specified Amazon.com
Uniform Resource Identifier <a href="http://www.amazon.com/exec/obidos/ASIN/1851687378/chopaconline-20">http://www.amazon.com/exec/obidos/ASIN/1851687378/chopaconline-20</a>
942 ## - ADDED ENTRY ELEMENTS (KOHA)
Source of classification or shelving scheme
Koha item type Book
Holdings
Withdrawn status Lost status Damaged status Not for loan Collection code Permanent Location Current Location Shelving location Date acquired Total Checkouts Full call number Barcode Date last seen Price effective from Koha item type
          Centre for International Peace & Stability (CIPS) Centre for International Peace & Stability (CIPS) General Stacks 09/30/2013   956.054 NAS 2010 CIPS0001378 12/13/2013 12/13/2013 Book
© 2023 Central Library, National University of Sciences and Technology. All Rights Reserved.